| 000 | 00637ntaaa2200217 4500 | ||
|---|---|---|---|
| 003 | 01 | ||
| 005 | 20251027203303.0 | ||
| 008 | 0714s1973 ag 01 | ||
| 020 | _a9507111155 | ||
| 040 |
_aAR-BaBN _bspa _cAR-BaBN _eaacr _dRIC |
||
| 082 | _a220.598 W63 | ||
| 110 |
_aSociedad Bíblica Argentina _935853 |
||
| 240 | _aBiblia | ||
| 245 |
_aDios Lhamtes ta Marchehen : _bLa Biblia en idioma Wichí / _cSociedad Bíblica Argentina |
||
| 250 | _a1° ed. | ||
| 260 |
_aBuenos Aires : _bSociedades Bíblica Argentina, _c2002 |
||
| 300 |
_a1885 p. ; _cMapas; ilt. 23x14 cm. |
||
| 650 |
_aBIBLIA _9468 |
||
| 650 |
_aWICHI _935854 |
||
| 942 | _cBK | ||
| 999 |
_c28351 _d28351 |
||